| 000 | 00000nam 2200000zi 4500 |
| 001 | 9.940873 |
| 003 | CaOODSP |
| 005 | 20250324101601 |
| 006 | m o d f |
| 007 | cr mn||||||||| |
| 008 | 240723s1977 onc o f000 0 fre d |
| 040 | |aCaOODSP|bfre|erda|cCaOODSP |
| 043 | |an-cn-ns|an-cn--- |
| 086 | 1 |aRE24-70/1977F-PDF |
| 245 | 00|aEntente auxiliaire sur le développement touristique, Canada/Nouvelle-Écosse. |
| 246 | 33|aCanada Nouvelle-Écosse entente auxiliaire sur le développement touristique |
| 264 | 1|a[Ottawa] : |bGouvernement du Canada, Expansion économique régionale, |c[1977] |
| 300 | |a1 ressource en ligne (38 pages) |
| 336 | |atexte|btxt|2rdacontent/fre |
| 337 | |ainformatique|bc|2rdamedia/fre |
| 338 | |aressource en ligne|bcr|2rdacarrier/fre |
| 500 | |aÉdition numérisée de l'imprimé [par Innovation, Sciences et Développement économique Canada]. |
| 500 | |aPublié aussi en anglais sous le titre : Canada-Newfoundland subsidiary agreement, tourism development, February 22, 1978. |
| 650 | 6|aTourisme|xPolitique gouvernementale|zNouvelle-Écosse. |
| 650 | 6|aAide au développement économique régional|zNouvelle-Écosse. |
| 651 | 6|aNouvelle-Écosse|xPolitique économique. |
| 710 | 1 |aCanada. |bExpansion économique régionale, |eorganisme de publication. |
| 775 | 08|tSubsidiary agreement, tourism development, Canada/Nova Scotia.|w(CaOODSP)9.898588 |
| 856 | 40|qPDF|s824 Ko|uhttps://publications.gc.ca/collections/collection_2024/isde-ised/re24/RE24-70-1977-fra.pdf |